00480nmm a2200157Ia 4500008004100000020001800041041000800059100001200067245008200079264005500161300001700216650001400233856005100247942000700298999001700305251105s9999||||xx |||||||||||||||||und|| a9789560101884 aspa aVV. AA. 0aPropuestas participativas para una nueva profesión docente: el Plan Maestro a[Santiago de Chile, Chile] :bRil editores, c2015 a94 páginas aEducation uhttps://public.digitaliapublishing.com/a/39364 cCF c93694d93694